Operation Research (Record no. 356257)

MARC details
000 -LEADER
fixed length control field 00412nam a2200145Ia 4500
008 - FIXED-LENGTH DATA ELEMENTS--GENERAL INFORMATION
fixed length control field 230926s9999 xx 000 0 und d
020 ## - INTERNATIONAL STANDARD BOOK NUMBER
International Standard Book Number 9788121902816
041 ## - LANGUAGE CODE
Language code of text/sound track or separate title eng
082 ## - DEWEY DECIMAL CLASSIFICATION NUMBER
Classification number 654.403/GUP/
100 ## - MAIN ENTRY--PERSONAL NAME
Personal name Gupta Prem Kumar
9 (RLIN) 204786
245 ## - TITLE STATEMENT
Title Operation Research
260 ## - PUBLICATION, DISTRIBUTION, ETC. (IMPRINT)
Name of publisher, distributor, etc. S. Chand & Company Pvt.Ltd., New Delhi
Date of publication, distribution, etc. 1998
300 ## - PHYSICAL DESCRIPTION
Extent XVI;1055P.
500 ## - GENERAL NOTE
Keywords Doneted by Mr. Tarun Shrivastava, Nagpur
Holdings
Withdrawn status Lost status Damaged status Not for loan Home library Current library Date acquired Cost, normal purchase price Total Checkouts Full call number Barcode Date last seen Date last checked out Bill Date Koha item type Original Barcode
        Cummins College of Engineering for Women Nagpur Cummins College of Engineering for Women Nagpur 29/09/2022 145.00 2 654.403/GUP/ CEWN-DB-694 27/03/2026 20/03/2026 26/09/2023 Donated Book D00694